Main te Asin (ਮੈਂ ਤੋਂ ਅਸੀਂ) (Record no. 9949)
[ view plain ]
| 000 -LEADER | |
|---|---|
| fixed length control field | 00398nam a22001457a 4500 |
| 003 - CONTROL NUMBER IDENTIFIER | |
| control field | OSt |
| 005 - DATE AND TIME OF LATEST TRANSACTION | |
| control field | 20240403103530.0 |
| 008 - FIXED-LENGTH DATA ELEMENTS--GENERAL INFORMATION | |
| fixed length control field | 240403b |||||||| |||| 00| 0 eng d |
| 040 ## - CATALOGING SOURCE | |
| Transcribing agency | Central Library MRSPTU |
| 100 ## - MAIN ENTRY--PERSONAL NAME | |
| Personal name | Loveyaad Gill Muktsari |
| 245 ## - TITLE STATEMENT | |
| Title | Main te Asin (ਮੈਂ ਤੋਂ ਅਸੀਂ) |
| 260 ## - PUBLICATION, DISTRIBUTION, ETC. | |
| Place of publication, distribution, etc. | Patiala |
| Name of publisher, distributor, etc. | Sahitya Kalash Publication |
| Date of publication, distribution, etc. | 2023 |
| 300 ## - PHYSICAL DESCRIPTION | |
| Extent | 104 |
| 942 ## - ADDED ENTRY ELEMENTS (KOHA) | |
| Source of classification or shelving scheme | Dewey Decimal Classification |
| Koha item type | Book |
| Suppress in OPAC | No |
| Withdrawn status | Lost status | Source of classification or shelving scheme | Damaged status | Not for loan | Collection | Home library | Current library | Date acquired | Total checkouts | Barcode | Date due | Date last seen | Date last checked out | Price effective from | Koha item type |
|---|---|---|---|---|---|---|---|---|---|---|---|---|---|---|---|
| Dewey Decimal Classification | BK | MRSPTU Central Library | MRSPTU Central Library | 04/03/2024 | 9 | G-113 | 06/16/2025 | 05/22/2025 | 05/22/2025 | 04/03/2024 | Book |
